Three sea stories: (Record no. 173369)
[ view plain ]
| 000 -LEADER | |
|---|---|
| fixed length control field | 00566nam a22002057a 4500 |
| 003 - CONTROL NUMBER IDENTIFIER | |
| control field | Nust |
| 005 - DATE AND TIME OF LATEST TRANSACTION | |
| control field | 20220831093940.0 |
| 008 - FIXED-LENGTH DATA ELEMENTS--GENERAL INFORMATION | |
| fixed length control field | 170123b xxu||||| |||| 00| 0 eng d |
| 020 ## - INTERNATIONAL STANDARD BOOK NUMBER | |
| International Standard Book Number | 9781853267437 |
| Terms of availability | Rs. 236 |
| 038 ## - RECORD CONTENT LICENSOR | |
| Staff Name | Arshad |
| 040 ## - CATALOGING SOURCE | |
| Original cataloging agency | NUST -Fiction |
| 041 ## - LANGUAGE CODE | |
| Language code of original | English |
| 082 ## - DEWEY DECIMAL CLASSIFICATION NUMBER | |
| Classification number | 823 |
| Author Mark | CON |
| 100 ## - MAIN ENTRY--PERSONAL NAME | |
| Personal name | Conrad, Joseph |
| 9 (RLIN) | 12132 |
| 245 ## - TITLE STATEMENT | |
| Title | Three sea stories: |
| Remainder of title | typoon, falk, the shadow line / |
| Statement of responsibility, etc. | Joseph Conrad |
| 260 ## - PUBLICATION, DISTRIBUTION, ETC. | |
| Place of publication, distribution, etc. | London: |
| Name of publisher, distributor, etc. | Words worth classic, |
| Date of publication, distribution, etc. | 1998 |
| 300 ## - PHYSICAL DESCRIPTION | |
| Extent | Xlii,255 p. |
| 650 ## - SUBJECT ADDED ENTRY--TOPICAL TERM | |
| Topical term or geographic name entry element | Sea stories, English |
| 9 (RLIN) | 12133 |
| 942 ## - ADDED ENTRY ELEMENTS (KOHA) | |
| Source of classification or shelving scheme | |
| Koha item type | Book |
| Withdrawn status | Lost status | Source of classification or shelving scheme | Damaged status | Not for loan | Permanent Location | Current Location | Shelving location | Date acquired | Total Checkouts | Full call number | Barcode | Date last seen | Date last checked out | Copy number | Price effective from | Koha item type |
|---|---|---|---|---|---|---|---|---|---|---|---|---|---|---|---|---|
| Central Library (CL) | Central Library (CL) | Fiction | 01/23/2017 | 2 | 823 CON | CL1166 | 03/25/2026 | 02/12/2026 | 1 | 01/23/2017 | Book |
